000 00376nam a2200157Ia 4500
008 210719s1979 xx 000 0 und d
041 _aeng
082 _a581.5 NAIF
100 _aNAIK (V N)
245 _aFlora of Osmanabad
260 _aAurangabad
_bVenus publishers
_c1979
300 _axiv,466
_bHB
365 _b60
_cRs
650 _aBotany
906 _aFlora Osmanabad
999 _c213093
_d213093